Tarihsel bayraklar sınavı 3 - Statistics

General Stats
  • This quiz has been taken 30 times
  • The average score is 6 of 16
Answer Stats
Picture Answer % Correct
Osmanlı
100%
Moğol İmparatorluğu
88%
Karamanoğulları
69%
Memlük
65%
Safeviler
58%
Akkoyunlular
50%
Litvanya
46%
Boğdan
42%
Kazak Hanlığı
35%
Babürler
23%
Çağatay
15%
Rus Çarlığı
15%
Moskova
12%
Khmer
8%
Gücerat Sultanlığı
4%
Hive Hanlığı
4%
No matching quizzes found
Score Distribution
Percent of People with Each Score
Percentile by Number Answered
Your Score History
You have not taken this quiz